| 000 | 01120nam a2200301 i 4500 | ||
|---|---|---|---|
| 001 | bg | ||
| 110 | 2 |
_aStowarzyszenie Muzealników Polskich. _bOddział Zachodniopomorski. |
|
| 245 | 1 | 0 |
_aPrzewodnik po muzeach zachodniopomorskich = _bFührer Durch Pommersche Museen / _cZachodniopomorski Oddział Stowarzyszenia Muzealników Polskich ; Muzeum Narodowe w Szczecinie ; [red. Genowefa Horoszki ; tł. Stanisław Horoszko]. |
| 246 | 1 | 1 | _aFührer Durch Pommersche Museen |
| 260 |
_aSzczecin : _bZachodniopomorski Oddział Stowarzyszenia Muzealników Polskich, _c2001. |
||
| 300 |
_a88 s. : _bil. kolor. ; _c21 cm. |
||
| 546 | _aTekst równol. pol., niem. | ||
| 650 | 9 |
_aMuzealnictwo _zPolska |
|
| 651 | 9 |
_aPomorze Zachodnie _xmuzealnictwo _yod 2001 r. |
|
| 700 | 1 |
_aHoroszko, Genowefa. _eRed. |
|
| 700 | 1 |
_aHoroszko, Stanisław. _eTł. |
|
| 710 | 2 | _aMuzeum Narodowe (Szczecin) | |
| 020 | _a8386136138 | ||
| 040 | _cBPK | ||
| 041 | 0 |
_apol _ager |
|
| 044 | _aPOL | ||
| 080 | _a069 | ||
| 080 | _a(438) | ||
| 080 | _a(036) | ||
| 920 | _a83-86136-13-8 | ||
| 942 | _cKS | ||
| 008 | 130116s pl a f |000 0 pol | ||
| 999 |
_c53879 _d53879 |
||
| 856 |
_uhttp://koha.tu.koszalin.pl/cgi-bin/koha/opac-detail.pl?biblionumber=53879 _yKatalog online BPK |
||